• 首页
  • 本馆介绍
  • 公告通知
  • 最新文献
  • 馆藏检索
  • 电子资源
  • 读者导购
  • 参考咨询
  • 我的图书馆
  • 登录
  • 详细信息显示
  • 放入我的书架
  • 预约/预借图书
  • 作者相关作品
  • 分类相关作品
  • 丛书相关作品
  • 出版社相关作品

书目信息

  • 表格格式
  • 工作单格式
  • 卡片格式
题名:
声乐与歌剧艺术
    
 
作者: 李成柱 著
分册:  
出版信息: 北京   中央民族大学出版社  2014.01
页数: 248,312页
开本: 24cm
丛书名:
单 册:
中图分类: J616 , J832
科图分类:
主题词: 声乐艺术--研究 , 歌剧艺术--研究 , 声乐艺术 , 歌剧艺术
电子资源:
ISBN: 978-7-5660-0567-0
000 01113nam0 2200301 450
001 0120141220591
005 20140707104859.12
010    @a978-7-5660-0567-0@dCNY268.00
100    @a20140317d2014 em y0chiy0110 ea
101 0  @achi@aeng
102    @aCN@b110000
105    @aacf z 000yy
106    @ar
200 1  @a声乐与歌剧艺术@9sheng yue yu ge ju yi shu@dThe art of vocal music and opera@f李成柱著@zeng
210    @a北京@c中央民族大学出版社@d2014.01
215    @a248,312页@c图,照片,肖像@d24cm
330    @a本书从声乐的起源、歌剧的发展、主要的演出、演唱风格、重要的歌唱家、杰出的作曲家和作品等入手,系统地研究声乐和歌剧艺术这一特殊艺术载体的历史和辉煌。其目的是为声乐和歌剧艺术更完美地发展,让更多的人拥抱热爱这门艺术,幸福享受于这门艺术,传承发展这门艺术。
333    @a声乐艺术爱好者
510 1  @aArt of vocal music and opera@zeng
606 0  @a声乐艺术@x研究
606 0  @a歌剧艺术@x研究
606 0  @a声乐艺术
606 0  @a歌剧艺术
690    @aJ616@v5
690    @aJ832@v5
701  0 @a李成柱@9li cheng zhu@4著
801  0 @aCN@b人天书店@c20140317
905    @b847426-28@dJ616@e623@f3
    
    声乐与歌剧艺术=The art of vocal music and opera/李成柱著.-北京:中央民族大学出版社,2014.01
    248,312页:图,照片,肖像;24cm
    使用对象:声乐艺术爱好者
    
    ISBN 978-7-5660-0567-0:CNY268.00
    本书从声乐的起源、歌剧的发展、主要的演出、演唱风格、重要的歌唱家、杰出的作曲家和作品等入手,系统地研究声乐和歌剧艺术这一特殊艺术载体的历史和辉煌。其目的是为声乐和歌剧艺术更完美地发展,让更多的人拥抱热爱这门艺术,幸福享受于这门艺术,传承发展这门艺术。
●
相关链接 在E读中查询图书 在五车中查询图书 在当当中查询图书 在豆瓣中查询图书


正题名:声乐与歌剧艺术     索取号:J616/623         预约/预借

序号 登录号 条形码 馆藏地/架位号 状态 备注
1 847426   208474266   第一样本阅览室/ [索取号:J616/623] 在馆    
2 847427   208474275   密集书库-音乐系/ [索取号:J616/623] 在馆    
3 847428   208474284   第一借阅区/ [索取号:J616/623] 在馆    
唐山师范学院图书馆 欢迎您!
大连网信软件有限公司© 版权所有